Гетман П. П. Скоропадский. Украина на переломе, 1918 год (Запись № 9896769)

Подробности
000 -МАРКЕР
контрольное поле 02727nam0a2200421 i 4500
001 - ИДЕНТИФИКАТОР ЗАПИСИ
контрольное поле RU\NLR\BIBL_A\010739580
005 - ИДЕНТИФИКАТОР ВЕРСИИ
контрольное поле 20260407084314.0
010 ## - МЕЖДУНАРОДНЫЙ СТАНДАРТНЫЙ НОМЕР КНИГИ (ISBN)
Номер (ISBN) 9785824318524
Тираж 1000
021 ## - НОМЕР ГОСУДАРСТВЕННОЙ РЕГИСТРАЦИИ
Код страны Российская Федерация
Номер 15-18161
035 ## - ДРУГИЕ СИСТЕМНЫЕ НОМЕРА
Идентификатор записи (NILC)LIBNET\0000529264
035 ## - ДРУГИЕ СИСТЕМНЫЕ НОМЕРА
Идентификатор записи (NLR Aleph) 010739580
100 ## - ДАННЫЕ ОБЩЕЙ ОБРАБОТКИ
Данные общей обработки 20150424d2014 km y0rusy50 ca
101 0# - ЯЗЫК РЕСУРСА
Язык текста, звукозаписи и т.д. русский
102 ## - СТРАНА ПУБЛИКАЦИИ ИЛИ ПРОИЗВОДСТВА
Страна публикации Российская Федерация
105 ## - ПОЛЕ КОДИРОВАННЫХ ДАННЫХ: ТЕКСТОВЫЕ МАТЕРИАЛЫ, МОНОГРАФИЧЕСКИЕ
Кодированные данные о монографическом текстовом документе ac||z|||001zd
200 1# - ЗАГЛАВИЕ И СВЕДЕНИЯ ОБ ОТВЕТСТВЕННОСТИ
Основное заглавие Гетман П. П. Скоропадский. Украина на переломе, 1918 год
Параллельное заглавие Гетьман П. П. Скоропадський. Украïна на переломi, 1918 рiк
Сведения, относящиеся к заглавию [сборник документов]
Первые сведения об ответственности Федер. арх. агентство (Рос. Федерация), Гос. арх. Рос. Федерации, Гос. арх. служба Украины, Центр. гос. арх. высш. органов власти и упр. Украины
Последующие сведения об ответственности ред. совет.: А. Н. Артизов (сопред.), Д. В. Табачник (сопред.) [и др.]
-- отв. ред. и отв. сост. О. К. Иванцова
-- сост.: Е. В. Балушкина [и др.]
Язык параллельного заглавия украинский
210 ## - ПУБЛИКАЦИЯ, РАСПРОСТРАНЕНИЕ И ДР.
Место издания, распространения и т.д. Москва
Имя издателя, распространителя и т. д. РОССПЭН
Дата издания, распространения и т.д. 2014
215 ## - ФИЗИЧЕСКАЯ ХАРАКТЕРИСТИКА
Специфическое обозначение материала и объем 1087 с., [4] л. ил., портр.
Другие сведения о физической характеристике портр.
Размеры 25
320 ## - ПРИМЕЧАНИЯ О НАЛИЧИИ В ДОКУМЕНТЕ БИБЛИОГРАФИИ / УКАЗАТЕЛЯ
Текст примечания Библиогр. в примеч.: с. 860-982, в тексте и в подстроч. примеч.
320 ## - ПРИМЕЧАНИЯ О НАЛИЧИИ В ДОКУМЕНТЕ БИБЛИОГРАФИИ / УКАЗАТЕЛЯ
Текст примечания Имен. указ.: с. 1062-1076
320 ## - ПРИМЕЧАНИЯ О НАЛИЧИИ В ДОКУМЕНТЕ БИБЛИОГРАФИИ / УКАЗАТЕЛЯ
Текст примечания Геогр. указ.: с. 1077-1083
510 1# - ПАРАЛЛЕЛЬНОЕ ЗАГЛАВИЕ
Параллельное заглавие Гетьман П. П. Скоропадський. Украïна на переломi, 1918 рiк
Язык заглавия украинский
517 1# - ДРУГИЕ ВАРИАНТЫ ЗАГЛАВИЯ
Вариант заглавия Украина на переломе, 1918 год
600 #1 - ИМЯ ЛИЦА КАК ПРЕДМЕТ
Начальный элемент ввода Скоропадский
Часть имени, кроме начального элемента ввода П.П.
Даты 1873 - 1945
Расширение инициалов личного имени Павел Петрович
Системный номер авторитетной/нормативной записи 2565350
Идентификатор авторитетной/нормативной записи RU\NLR\AUTH\661517280
686 ## - ИНДЕКСЫ ДРУГИХ КЛАССИФИКАЦИЙ
Индекс 63.3(4Укр)61
Издание LBC/M
Код системы
686 1# - ИНДЕКСЫ ДРУГИХ КЛАССИФИКАЦИЙ
Индекс Т3(2Ук)52-8
702 #1 - ИМЯ ЛИЦА - ВТОРИЧНАЯ ОТВЕТСТВЕННОСТЬ
Начальный элемент ввода Иванцова
Часть имени, кроме начального элемента ввода О. К.
Расширение инициалов личного имени Ольга Константиновна
Код отношения Редактор
-- Составитель
702 #1 - ИМЯ ЛИЦА - ВТОРИЧНАЯ ОТВЕТСТВЕННОСТЬ
Код отношения Прочие
Графика поля Кириллица
Материалы, к которым относится поле rus
Начальный элемент ввода Скоропадский
Часть имени, кроме начального элемента ввода П. П.
Дополнения к именам, кроме дат воен. и гос. деятель
Даты 1873-1945
Расширение инициалов личного имени Павел Петрович
Системный номер авторитетной/нормативной записи 211172
Идентификатор авторитетной/нормативной записи RU\NLR\AUTH\770211228
712 02 - НАИМЕНОВАНИЕ ОРГАНИЗАЦИИ - ВТОРИЧНАЯ ОТВЕТСТВЕННОСТЬ
Код отношения Прочие
Начальный элемент ввода Государственный архив Российской Федерации
Идентификатор авторитетной/нормативной записи RU\NLR\AUTH\8812326
Системный номер авторитетной/нормативной записи 297392
712 02 - НАИМЕНОВАНИЕ ОРГАНИЗАЦИИ - ВТОРИЧНАЯ ОТВЕТСТВЕННОСТЬ
Код отношения Прочие
Начальный элемент ввода Центральный государственный архив высших органов власти и управления Украины
Идентифицирующий признак Киев
Системный номер авторитетной/нормативной записи 462995
Идентификатор авторитетной/нормативной записи RU\NLR\AUTH\880398128
801 #0 - ИСТОЧНИК ЗАПИСИ
Страна Российская Федерация
Организация Мурманская ГОУНБ
Дата составления 20150312
Правила каталогизации rcr
801 #1 - ИСТОЧНИК ЗАПИСИ
Страна Российская Федерация
Организация Мурманская ГОУНБ
Дата составления 20150312
Источник данных rusmarc
942 ## - ДОПОЛНИТЕЛЬНЫЕ ЭЛЕМЕНТЫ ЗАПИСИ (АБИС)
Тип экземпляра АБИС Книга
980 ## - КОЛЛЕКЦИЯ
Название коллекции НБР

Нет доступных экземпляров.